000 01229nam a2200349 a 4500
001 000116322
003 CHAP
005 20220329144610.0
008 191204s2016 mx a |r| |||1|||spa d
010 _a112783
011 _a113755
020 _a9789292486433
040 _cCHAP
082 0 4 _a338.17315
_bC83
245 0 _aCosechando innovación :
_bun modelo de México para el mundo maíz y trigo.
260 _aMéxico :
_bIICA .,
_c2016.
300 _a136 p. :
_bil., grafs., tabs.
500 _aEsta publicación también está disponible en formato electronico (PDF) en el sitio Web institucional en http://www.iica.int
590 _aBATCH-UPD
_b05
_c20191204
_lUCH01
_h1025
590 _aE6337LMJ
_b05
_c20191204
_lUCH01
_h1024
590 _aE6337LMJ
_b05
_c20191204
_lUCH01
_h1032
650 1 4 _aMaíz
_xCultivo
_xImpacto ambiental.
_9134848
650 1 4 _aMaíz
_xEfecto del medio ambiente.
_970935
650 1 4 _aMaíz
_xInnovaciones tecnológicas.
_970982
650 1 4 _aMaíz
_xMejoramiento.
_971006
650 1 4 _aTrigo
_xEfecto del medio ambiente.
_9115015
650 1 4 _aTrigo
_xMejoramiento.
_9115057
700 1 _aGómez de León, José Francisco
_ecoord.
_9137142
901 _aBK
942 _cLIBRO
942 _n0
999 _c112783
_d112783